MARC

LEADER 00000nam0a2200000 4500
001 278973
005 20231101235151.0
020 |a RU  |b 85-28956 
035 |a (RuTPU)RU\TPU\book\302251 
090 |a 278973 
100 |a 20141216d1985 km y0rusy5003 ca 
101 0 |a rus 
102 |a RU 
105 |a a z 001zy 
200 1 |a Колебательные спектры и динамика ионно-ковалентных кристаллов  |f А. Н. Лазарев, А. П. Миргородский, М. Б. Смирнов  |g Академия наук СССР (АН СССР), Институт химии силикатов им. И. В. Гребенщикова (ИХС) 
210 |a Ленинград  |c Наука  |d 1985 
215 |a 121 с.  |c ил. 
320 |a Библиогр.: с. 115-120 
606 1 |a Кристаллы ионные  |x (кристаллохимия)  |2 stltpush  |3 (RuTPU)RU\TPU\subj\80306  |9 88031 
610 1 |a ионные кристаллы 
610 1 |a строение 
610 1 |a локализованные вибраторы 
610 1 |a динамические свойства 
610 1 |a феноменологическая теория 
610 1 |a ионно-ковалентные кристаллы 
610 1 |a переменные заряды 
610 1 |a модели 
675 |a 548.312  |z rus  |v 4 
700 1 |a Лазарев  |b А. Н.  |g Андриан Николаевич  |4 070 
701 1 |a Миргородский  |b А. П.  |g Андрей Павлович 
701 1 |a Смирнов  |b М. Б.  |g Михаил Борисович 
712 0 2 |a Академия наук СССР (АН СССР)  |b Институт химии силикатов им. И. В. Гребенщикова (ИХС)  |c (Ленинград)  |2 stltpush  |3 (RuTPU)RU\TPU\col\11534 
801 0 |a RU  |b RuMRKP  |c 19950704  |g psbo 
801 1 |a RU  |b 63413507  |c 20141216 
801 2 |a RU  |b 63413507  |c 20200818  |g RCR 
942 |c BK